Click Quiz: Match Canadian Cities to Provinces - Statistics

General Stats
  • This quiz has been taken 22 times
  • The average score is 10 of 13
Answer Stats
Hint Answer % Correct
Edmonton Alberta
94%
Iqaluit Nunavut
88%
Ottawa Ontario
88%
Montreal Quebec
88%
Victoria British Columbia
81%
Halifax Nova Scotia
81%
Regina Saskatchewan
81%
St. John's Newfoundland & Labrador
69%
Yellowknife Northwest Territories
69%
Whitehorse Yukon
69%
Churchill Manitoba
56%
Charlottetown Prince Edward Island
56%
Saint John New Brunswick
44%
No matching quizzes found
Score Distribution
Percent of People with Each Score
Percentile by Number Answered
Your Score History
You have not taken this quiz